Prague Old Town Streets - Statistics

General Stats
  • This quiz has been taken 129 times
  • The average score is 31 of 117
Answer Stats
Answer % Correct
Karlova
83%
Celetná
79%
Staroměstské náměstí
75%
Dlouhá
71%
náměstí Republiky
63%
Na Příkopě
63%
Národní
63%
Pařížská
63%
Ovocný trh
58%
Malé náměstí
54%
Týn
54%
Týnská
50%
Revoluční
46%
Smetanovo nábřeží
46%
Zlatá
46%
Betlémská
42%
Kaprova
42%
Mariánské náměstí
42%
náměstí Jana Palacha
42%
Rytiřská
42%
Anenská
38%
Anežská
38%
Karlův most
38%
Křížovnické náměstí
38%
Maiselova
38%
Perlová
38%
17. listopadu
33%
Bartolomějská
33%
Betlémské náměstí
33%
Čechův most
33%
Havelská
33%
Husova
33%
Kozí
33%
Malá Štupartská
33%
Rybná
33%
Široká
33%
Štupartská
33%
Uhelný trh
33%
Dvořákovo nábřeží
29%
Jakubská
29%
Jílská
29%
Karolíny Světlé
29%
Melantrichova
29%
Michalská
29%
Na Františku
29%
Na Můstku
29%
Platnéřská
29%
Železná
29%
28. října
25%
Divadelní
25%
Dušní
25%
Haštalská
25%
Konviktská
25%
Křížovnická
25%
Liliová
25%
Masná
25%
most Legií
25%
Náprstkova
25%
Anenské náměstí
21%
Boršov
21%
Břehová
21%
Haštalské náměstí
21%
Martinská
21%
Řetězová
21%
Skořepka
21%
Týnská ulička
21%
U Prašné brány
21%
Alšovo nábřeží
17%
Bílkova
17%
Hradební
17%
Jáchymova
17%
Kožná
17%
Mánesův most
17%
náměstí Curieových
17%
náměstí Franze Kafky
17%
Na Perštýně
17%
Na Rejdišti
17%
Řásnovka
17%
Stříbrná
17%
Vězeňská
17%
Žatecká
17%
Benediktská
13%
Elišky Krásnohorské
13%
Hlavsova
13%
Jalovcová
13%
Kamzíková
13%
K Haštalu
13%
Klášterská
13%
Kostečná
13%
Králodvorská
13%
Krocínova
13%
Linhartská
13%
Malá Kláštěrní
13%
Mikulášská
13%
Novotného lávka
13%
Provaznická
13%
Průchodní
13%
Rámová
13%
Seminářská
13%
Templová
13%
U milosrdných
13%
U obecního dvora
13%
U staré školy
13%
Vejvodova
13%
Veleslavínova
13%
V kolkovně
13%
V kotcích
13%
Za Haštalem
13%
Havelská ulička
8%
Havířská
8%
park Rosh-Ha'ayin
8%
Salvátorská
8%
Střelecký ostrov
8%
U Dobřenských
8%
U Obecního domu
8%
U radnice
8%
Valentinská
8%
No matching quizzes found
Score Distribution
Percent of People with Each Score
Percentile by Number Answered
Your Score History
You have not taken this quiz